000 00351 a2200157 4500
001 154002
040 _cEscola São Tomás de Aquino
100 _aPIAZZI, Pierluigi
240 1 0 _aAprendendo Inteligência
_lpor
245 1 0 _aAprendendo Inteligência
300 _a140
362 0 _a2008
440 1 _aAleph
697 _aEducação
942 _cBK
999 _c154002
_d154002